|
|
|
|
| LEADER |
00693nab a2200193 i 4500 |
| 001 |
acta23866 |
| 005 |
20210601152804.0 |
| 008 |
161017s1973 hu o 0|| eng d |
| 022 |
|
|
|a 0001-6721
|
| 040 |
|
|
|a SZTE Egyetemi Kiadványok Repozitórium
|b hun
|
| 041 |
|
|
|a eng
|
| 100 |
1 |
|
|a Szántó Ferenc
|
| 245 |
1 |
0 |
|a Rheological properties and thixotropic behaviour of kaolinite suspensions
|h [elektronikus dokumentum] /
|c Szántó Ferenc
|
| 260 |
|
|
|c 1973
|
| 300 |
|
|
|a 291-297
|
| 490 |
0 |
|
|a Acta physica et chemica
|v 19 No. 3
|
| 695 |
|
|
|a Természettudomány, Kémia, Fizika
|
| 700 |
0 |
1 |
|a Gilde M.
|e aut
|
| 856 |
4 |
0 |
|u http://acta.bibl.u-szeged.hu/23866/1/phys_chem_019_fasc_003_291-297.pdf
|z Dokumentum-elérés
|